Escola d'Estiu 1933 : programa general : conversa pedagògica sobre l'educació moral i cívica a les escoles de la república : (conclusions provisionals) programa general :
Descripción Física:
31 p. ; 19 cm
MARC
| LEADER | 00000nam a2200000Ia 4500 | ||
|---|---|---|---|
| 001 | 8265 | ||
| 003 | BGR | ||
| 005 | 20260410113643.0 | ||
| 008 | 160829s1933 xx 000 0 cat d | ||
| 080 | |a RF-3-74 | ||
| 111 | |a Escola d'Estiu (Barcelona) |9 70796 |c (Barcelona : |d 1933) | ||
| 245 | |a Escola d'Estiu 1933 : |b programa general : |b conversa pedagògica sobre l'educació moral i cívica a les escoles de la república : |b (conclusions provisionals) | ||
| 260 | |a Barcelona : |b Generalitat de Catalunya. Escola Normal, |c 1933 | ||
| 300 | |a 31 p. ; |c 19 cm | ||
| 590 | |a Hi ha un duplicat a: 4169, exp. 37 | ||
| 650 | 0 | |a Mestres |x Educació (Educació permanent) |z Catalunya |9 22005 | |
| 856 | 4 | |u https://media.diba.cat/diba/fitxers/arxiu/fulletons/bib_8265_1933_baixa.pdf |y Accés lliure | |
| 856 | 4 | |u https://media.diba.cat/diba/fitxers/arxiu/fulletons/bib_8265_1933_baixa.pdf |y Accés lliure | |
| 856 | |u #M:\BibliotecaDigitalitzada\R08\R8265.pdf | ||
| 900 | |a bib_8265_1933_baixa.pdf | ||
| 901 | |a Arxiu | ||
| 942 | |n 1 |2 udc |c MON | ||
| 952 | |0 0 |1 0 |4 0 |6 RF374 |7 1 |9 54549 |a Arxiu |b Arxiu |d 2016-12-01 |l 0 |o RF-3-74 |p 8265 |r 2016-12-01 00:00:00 |w 2016-12-01 |y ARXIU | ||
| 999 | |c 58418 |d 58418 | ||